[Event "POL-ch Academic (Women)"]
[Site "Katowice"]
[Date "2018.02.02"]
[Round "3"]
[White "Starczewska, Dominika"]
[Black "Wicikowska, Agata"]
[Result "1-0"]
[WhiteElo "1991"]
[BlackElo "1568"]
[PlyCount "89"]
[EventDate "2018.02.02"]
[EventType "swiss (rapid)"]
[EventRounds "9"]
[EventCountry "POL"]
[SourceTitle "CBM 182 Extra"]
[Source "ChessBase"]
[SourceDate "2018.02.23"]
[SourceVersion "1"]
[SourceVersionDate "2018.02.23"]
[SourceQuality "1"]

1. e4 e5 2. Bc4 Nf6 3. d3 Bc5 4. Nf3 d6 5. h3 h6 6. c3 Be6 7. Bxe6 fxe6 8. Qb3 Qc8 9. Qc2 Nc6 10. b4 Bb6 11. Nbd2 0-0 12. Nc4 Nd7 13. Nxb6 axb6 14. 0-0 Qe8 15. b5 Ne7 16. Qb3 Ng6 17. d4 Qf7 18. Be3 exd4 19. cxd4 e5 20. Qxf7+ Rxf7 21. Rfc1 Nf6 22. Nd2 Ne8 23. a4 exd4 24. Bxd4 Re7 25. f3 Ne5 26. Rc3 Nd7 27. f4 Nc5 28. Rg3 Rxa4 29. Rxa4 Nxa4 30. f5 Rf7 31. Nf3 Nc5 32. Nd2 Nd3 33. Be3 Ne5 34. Bd4 Nf6 35. Ra3 Nfd7 36. Ra8+ Rf8 37. Ra7 Nc5 38. Ra1 Ncd3 39. Ra3 Nc1 40. Re3 Ncd3 41. Nf3 Nxf3+ 42. gxf3 Nc1 43. Re1 Nd3 44. Rd1 Nb4 45. f4 1-0

[Event "POL-chT U26 rapid"]
[Site "Hucisko"]
[Date "2016.01.17"]
[Round "7.6"]
[White "Starczewska, Dominika"]
[Black "Kulon, Klaudia"]
[Result "0-1"]
[WhiteElo "1991"]
[BlackElo "2324"]
[PlyCount "48"]
[EventDate "2016.01.16"]
[EventType "team-swiss (rapid)"]
[EventRounds "9"]
[EventCountry "POL"]
[SourceTitle "CBM 170 Extra"]
[Source "ChessBase"]
[SourceDate "2016.02.25"]
[SourceVersion "1"]
[SourceVersionDate "2016.02.25"]
[SourceQuality "1"]
[WhiteTeam "Wroclaw UWr"]
[BlackTeam "Poznan UE"]
[WhiteTeamCountry "POL"]
[BlackTeamCountry "POL"]

1. d4 d5 2. Nf3 c6 3. Bf4 Bf5 4. h3 e6 5. e3 Bd6 6. Nbd2 Bxf4 7. exf4 h6 8. Nb3 Qc7 9. g3 Nf6 10. Bd3 Ne4 11. Bxe4 Bxe4 12. Nbd2 Bh7 13. Ne5 0-0 14. 0-0 c5 15. Ndf3 cxd4 16. Nxd4 Nc6 17. c3 Nxe5 18. fxe5 Qxe5 19. f4 Qc7 20. Qg4 Rae8 21. Rad1 Be4 22. f5 e5 23. f6 g6 24. Nf5 Qb6+ 0-1

[Event "POL-ch U26 (Women) rapid"]
[Site "Hucisko"]
[Date "2016.01.15"]
[Round "3"]
[White "Warakomska, Anna"]
[Black "Starczewska, Dominika"]
[Result "1/2-1/2"]
[WhiteElo "2295"]
[BlackElo "1991"]
[PlyCount "88"]
[EventDate "2016.01.15"]
[EventType "swiss (rapid)"]
[EventRounds "9"]
[EventCountry "POL"]
[SourceTitle "CBM 170 Extra"]
[Source "ChessBase"]
[SourceDate "2016.02.25"]
[SourceVersion "1"]
[SourceVersionDate "2016.02.25"]
[SourceQuality "1"]

1. e4 c5 2. Nf3 Nc6 3. d4 cxd4 4. Nxd4 g6 5. Nb3 Bg7 6. Be2 d6 7. 0-0 Nf6 8. Nc3 a6 9. Re1 Be6 10. Bf1 Rc8 11. Nd5 Nd7 12. c3 0-0 13. Nf4 Bxb3 14. axb3 Nf6 15. f3 e6 16. Be3 Qc7 17. Qd2 Rfd8 18. Qf2 Qb8 19. Red1 d5 20. exd5 exd5 21. Ne2 Re8 22. Nd4 Qc7 23. Nxc6 Qxc6 24. Bd4 Rcd8 25. Rd3 Nd7 26. Bxg7 Kxg7 27. Qd4+ Nf6 28. Rad1 Kg8 29. Kh1 b5 30. b4 Rc8 31. Ra1 Qd6 32. Rdd1 Re5 33. g3 Rce8 34. Kg1 Rh5 35. Re1 Rhe5 36. Rxe5 Rxe5 37. Qa7 Re6 38. Bh3 Re2 39. Qxa6 Qe5 40. Qb6 Nh5 41. Ra8+ Kg7 42. Qd4 Re1+ 43. Kf2 Re2+ 44. Kf1 Re1+ 1/2-1/2

[Event "Wroclaw op 9th"]
[Site "Wroclaw"]
[Date "2014.07.04"]
[Round "8"]
[White "Starczewska, Dominika"]
[Black "Oszczanowski, Witold"]
[Result "0-1"]
[WhiteElo "1981"]
[BlackElo "2086"]
[PlyCount "100"]
[EventDate "2014.06.29"]
[EventType "swiss"]
[EventRounds "9"]
[EventCountry "POL"]
[SourceTitle "EXT 2015"]
[Source "ChessBase"]
[SourceDate "2014.11.20"]
[SourceVersion "1"]
[SourceVersionDate "2014.11.20"]
[SourceQuality "1"]

1. d4 Nf6 2. c4 e6 3. Nc3 Bb4 4. Bd2 c5 5. Nf3 0-0 6. e3 Bxc3 7. Bxc3 Ne4 8. Qc2 Nxc3 9. bxc3 d6 10. Bd3 h6 11. 0-0 Nc6 12. Rab1 Qc7 13. Kh1 f5 14. e4 f4 15. e5 dxe5 16. Nh4 g5 17. Ng6 Rf6 18. dxe5 Nxe5 19. Nxe5 Qxe5 20. Rfd1 Qc7 21. Bh7+ Kf8 22. Be4 Rb8 23. Rd2 Rf7 24. Qd1 Bd7 25. Qh5 Rf6 26. Rbd1 Ba4 27. Rb1 b6 28. h4 gxh4 29. Qxh4 Qe5 30. Bf3 Qg5 31. Qh3 Qf5 32. Qxf5 Rxf5 33. Re1 Rf6 34. Bg4 Ke7 35. Re5 Rg8 36. Bf3 Rd8 37. Rxd8 Kxd8 38. Re2 Ke7 39. Rd2 Rf8 40. Bg4 Rg8 41. f3 Bc6 42. Kh2 Bb7 43. Kh3 Rg6 44. Kh4 Ba6 45. Re2 Bxc4 46. Re4 b5 47. a4 Bd3 48. Re5 Kd6 49. Re1 bxa4 50. Re5 Kxe5 0-1

[Event "Wroclaw op 9th"]
[Site "Wroclaw"]
[Date "2014.06.29"]
[Round "2"]
[White "Banasik, Krzysztof"]
[Black "Starczewska, Dominika"]
[Result "1/2-1/2"]
[WhiteElo "2292"]
[BlackElo "1981"]
[PlyCount "137"]
[EventDate "2014.06.29"]
[EventType "swiss"]
[EventRounds "9"]
[EventCountry "POL"]
[SourceTitle "EXT 2015"]
[Source "ChessBase"]
[SourceDate "2014.11.20"]
[SourceVersion "1"]
[SourceVersionDate "2014.11.20"]
[SourceQuality "1"]

1. e4 c5 2. Nf3 Nc6 3. Bb5 g6 4. Bxc6 bxc6 5. d4 Bg7 6. 0-0 cxd4 7. Nxd4 Qb6 8. Nb3 d6 9. Be3 Qc7 10. Bd4 e5 11. Bc3 Nf6 12. Ba5 Qe7 13. Re1 Be6 14. Nc3 h5 15. Qd3 0-0 16. Rad1 Ne8 17. Qa6 Rc8 18. Bb4 f5 19. Na5 c5 20. Ba3 Qf7 21. f3 Rb8 22. Qe2 Bf6 23. Nd5 Bh4 24. Rf1 f4 25. Qa6 Bc8 26. Qd3 Bd7 27. Nc3 Be6 28. b3 g5 29. Nc4 Bxc4 30. bxc4 g4 31. Rb1 Rxb1 32. Rxb1 Kh8 33. Nb5 Qg6 34. Rd1 Be7 35. Nxa7 Rg8 36. Nc6 Bf6 37. Bb2 h4 38. fxg4 Qxg4 39. Rd2 f3 40. Rf2 fxg2 41. h3 Qc8 42. Rxf6 Nxf6 43. Qxd6 Qxh3 44. Qxf6+ Rg7 45. Qf8+ Kh7 46. Qf5+ Qxf5 47. exf5 Rb7 48. Bxe5 h3 49. Kf2 Rb1 50. Bh2 Rf1+ 51. Kg3 g1Q+ 52. Bxg1 Rxg1+ 53. Kxh3 Ra1 54. Kg4 Rxa2 55. Kg5 Rxc2 56. Ne5 Re2 57. Kf6 Kg8 58. Ke6 Kf8 59. f6 Re4 60. Kd5 Re2 61. Kd6 Ke8 62. Ke6 Kf8 63. Kd5 Ke8 64. Ke6 Kf8 65. Kf5 Ke8 66. Nd3 Rc2 67. Ke6 Rxc4 68. Ne5 Re4 69. f7+ 1/2-1/2

[Event "Wroclaw op 9th"]
[Site "Wroclaw"]
[Date "2014.06.29"]
[Round "1"]
[White "Starczewska, Dominika"]
[Black "Szotkowski, David"]
[Result "1-0"]
[WhiteElo "1981"]
[BlackElo "1369"]
[PlyCount "137"]
[EventDate "2014.06.29"]
[EventType "swiss"]
[EventRounds "9"]
[EventCountry "POL"]
[SourceTitle "EXT 2015"]
[Source "ChessBase"]
[SourceDate "2014.11.20"]
[SourceVersion "1"]
[SourceVersionDate "2014.11.20"]
[SourceQuality "1"]

1. f4 d5 2. g3 e6 3. Bg2 c5 4. Nf3 Nc6 5. d3 Nf6 6. 0-0 g6 7. c3 Bg7 8. h3 0-0 9. Qe1 b6 10. Nbd2 Bb7 11. Kh2 Qc7 12. Rg1 d4 13. Nf1 Nd5 14. c4 Ne3 15. Nxe3 dxe3 16. Bxe3 Bxb2 17. Rb1 Bg7 18. Kh1 Nd4 19. Qf2 Rfd8 20. g4 Nxf3 21. Bxf3 Bxf3+ 22. Qxf3 Rab8 23. Rg2 Qb7 24. Qf2 Bd4 25. Bxd4 Rxd4 26. f5 Re8 27. f6 Qc7 28. Rf1 e5 29. Qe3 Qd6 30. Qh6 Qf8 31. Qg5 h6 32. Qc1 Kh7 33. Qa3 Ra8 34. Qc3 Rc8 35. Qa3 Ra8 36. h4 Qc8 37. Rfg1 Qc6 38. Qc1 Rxg4 39. Qe1 Rxg2 40. Rxg2 Rd8 41. Qg3 Qxf6 42. Rf2 Qg7 43. e4 Rd6 44. Qf3 Kg8 45. Kg1 Qf8 46. Qe3 Kg7 47. Qg3 Qe7 48. Rg2 h5 49. Qe3 Qe6 50. Qf3 Qd7 51. Qxh5 Rxd3 52. Qxe5+ f6 53. Qf4 Qd4+ 54. Kh2 Qe5 55. Qxe5 fxe5 56. h5 Rd6 57. Rg5 Re6 58. hxg6 Re8 59. Kg3 Re6 60. Kh3 Kh6 61. g7 Kxg5 62. g8Q+ Rg6 63. Qf7 Rf6 64. Qg7+ Rg6 65. Qxe5+ Kh6 66. Qd5 Rg5 67. e5 Rf5 68. Qd6+ Kg7 69. e6 1-0

[Event "POL-chT2"]
[Site "Poronin"]
[Date "2013.09.08"]
[Round "2.48"]
[White "Starczewska, Dominika"]
[Black "Bednarska Bzdega, Malgorzata"]
[Result "1-0"]
[WhiteElo "1938"]
[BlackElo "2059"]
[PlyCount "105"]
[EventDate "2013.09.06"]
[EventType "team-swiss"]
[EventRounds "9"]
[EventCountry "POL"]
[SourceTitle "EXT 2015"]
[Source "ChessBase"]
[SourceDate "2014.11.20"]
[SourceVersion "1"]
[SourceVersionDate "2014.11.20"]
[SourceQuality "1"]
[WhiteTeam "Pegow Wieza"]
[BlackTeam "Warszawa YMCA"]
[WhiteTeamCountry "POL"]
[BlackTeamCountry "POL"]

1. f4 d5 2. g3 c5 3. Bg2 Nc6 4. Nf3 Bg4 5. d3 Bxf3 6. Bxf3 Nf6 7. Nc3 e6 8. e4 dxe4 9. Nxe4 Nd5 10. Nc3 Nde7 11. Be3 Nd4 12. Bg2 Nec6 13. a3 Qd7 14. Ne4 Rc8 15. c3 Nf5 16. Bxc5 Bxc5 17. Nxc5 Qe7 18. Ne4 0-0 19. Qd2 Na5 20. Rd1 Rfd8 21. Qf2 Nb3 22. 0-0 a5 23. d4 Qc7 24. g4 Ne7 25. Rd3 f5 26. gxf5 Nxf5 27. Rh3 h6 28. Ng3 Rf8 29. Be4 Nd6 30. Bb1 a4 31. Qc2 Nf5 32. Qe2 Rce8 33. Be4 Kh8 34. Qd3 Qd7 35. Nh1 Rf6 36. Rf2 Ref8 37. Ng3 Na5 38. d5 Nxg3 39. hxg3 exd5 40. Rh5 Nc6 41. Rxd5 Qg4 42. Qf3 Qe6 43. Re2 Qc8 44. Bc2 Qa8 45. Qd3 g6 46. Rh2 Qa7+ 47. Kg2 Ne7 48. Rxh6+ Kg7 49. Rdh5 Re6 50. Rh7+ Kf6 51. Qb5 Nf5 52. Rxf5+ gxf5 53. Qxf5# 1-0

[Event "POL-chT2"]
[Site "Poronin"]
[Date "2013.09.07"]
[Round "1.90"]
[White "Murawko, Katarzyna"]
[Black "Starczewska, Dominika"]
[Result "0-1"]
[WhiteElo "1940"]
[BlackElo "1938"]
[PlyCount "74"]
[EventDate "2013.09.06"]
[EventType "team-swiss"]
[EventRounds "9"]
[EventCountry "POL"]
[SourceTitle "EXT 2015"]
[Source "ChessBase"]
[SourceDate "2014.11.20"]
[SourceVersion "1"]
[SourceVersionDate "2014.11.20"]
[SourceQuality "1"]
[WhiteTeam "Minsk Mazowiecki MTSz"]
[BlackTeam "Pegow Wieza"]
[WhiteTeamCountry "POL"]
[BlackTeamCountry "POL"]

1. e4 c5 2. Nf3 Nc6 3. d4 cxd4 4. Nxd4 Nf6 5. Nc3 e5 6. Ndb5 d6 7. a4 Bg4 8. f3 Be6 9. Bg5 a6 10. Na3 Rc8 11. Bc4 Qa5 12. Qd2 Nd4 13. Bxe6 fxe6 14. Be3 Qb4 15. Rb1 Be7 16. Bxd4 exd4 17. Ne2 Qxa4 18. Nxd4 Qd7 19. c3 0-0 20. 0-0 b5 21. Nac2 Bd8 22. Kh1 Rc5 23. Rbd1 Bc7 24. Ne2 Qf7 25. Qe3 Qg6 26. b4 Re5 27. Ng3 Nh5 28. Ne2 d5 29. g4 Nf6 30. Nf4 Qh6 31. Nd3 Rg5 32. e5 Nd7 33. f4 Rxg4 34. Qa7 Rh4 35. Rd2 Nxe5 36. Nxe5 Bxe5 37. Rg1 Qxf4 0-1

[Event "Olsztyn op U18 blitz"]
[Site "Olsztyn"]
[Date "2013.08.03"]
[Round "4"]
[White "Starczewska, Dominika"]
[Black "Rykala, Monika"]
[Result "1-0"]
[WhiteElo "1680"]
[BlackElo "1937"]
[PlyCount "70"]
[EventDate "2013.08.03"]
[EventType "swiss (blitz)"]
[EventRounds "22"]
[EventCountry "POL"]
[SourceTitle "CBM 155 Extra"]
[Source "ChessBase"]
[SourceDate "2013.08.26"]
[SourceVersion "1"]
[SourceVersionDate "2013.08.26"]
[SourceQuality "1"]

1. f4 d5 2. g3 c5 3. Bg2 Nc6 4. Nf3 Bg4 5. 0-0 Bxf3 6. Bxf3 Nf6 7. d3 e6 8. c3 Be7 9. Qe1 0-0 10. Nd2 Re8 11. e4 dxe4 12. dxe4 Rc8 13. g4 b5 14. g5 Nd7 15. Bg2 Qb6 16. Kh1 c4 17. Nf3 Nc5 18. Be3 Qc7 19. Bxc5 Bxc5 20. Nd2 Be7 21. e5 Red8 22. Ne4 a5 23. Rf3 Bf8 24. Rh3 Rd3 25. Bf3 Nxe5 26. fxe5 Rcd8 27. Bg2 Kh8 28. Nf2 Rxh3 29. Bxh3 Qc5 30. Bg2 Qc7 31. Rd1 Bc5 32. Ne4 Be7 33. Rxd8+ Bxd8 34. Nd6 Bxg5 35. Qf1 Kg8 1-0

[Event "Olsztyn op U18 rapid"]
[Site "Olsztyn"]
[Date "2013.08.02"]
[Round "7"]
[White "Leks, Maria"]
[Black "Starczewska, Dominika"]
[Result "1-0"]
[WhiteElo "2093"]
[BlackElo "1938"]
[PlyCount "73"]
[EventDate "2013.08.01"]
[EventType "swiss (rapid)"]
[EventRounds "11"]
[EventCountry "POL"]
[SourceTitle "CBM 155 Extra"]
[Source "ChessBase"]
[SourceDate "2013.08.26"]
[SourceVersion "1"]
[SourceVersionDate "2013.08.26"]
[SourceQuality "1"]

1. e4 c5 2. Nf3 Nc6 3. d4 cxd4 4. Nxd4 g6 5. c4 Bg7 6. Be3 Nf6 7. Nc3 Ng4 8. Qxg4 Nxd4 9. Qd1 Ne6 10. Qd2 b6 11. Be2 Bb7 12. f3 Rc8 13. Rc1 d6 14. 0-0 Nc5 15. Rfd1 0-0 16. Bf1 f5 17. b4 Nd7 18. exf5 gxf5 19. Nd5 Ne5 20. Bg5 Bxd5 21. cxd5 Qd7 22. Ba6 Rxc1 23. Rxc1 Nf7 24. Be3 Ne5 25. Qc2 Qe8 26. Bc8 Qg6 27. Be6+ Kh8 28. Kh1 Qh5 29. Qe2 Ng6 30. Qd2 Nh4 31. f4 Qg4 32. h3 Qh5 33. Rc7 Qg6 34. Rxe7 Bf6 35. Rxa7 Qg3 36. Qf2 Qg6 37. Bxb6 1-0

[Event "POL-ch U18 Girls"]
[Site "Szczyrk"]
[Date "2013.??.??"]
[Round "5"]
[White "Leks, Maria"]
[Black "Starczewska, Dominika"]
[Result "1/2-1/2"]
[WhiteElo "2083"]
[BlackElo "1970"]
[PlyCount "81"]
[EventDate "2013.03.17"]
[EventType "swiss"]
[EventRounds "9"]
[EventCountry "POL"]
[SourceTitle "CBM 153 Extra"]
[Source "ChessBase"]
[SourceDate "2013.04.22"]
[SourceVersion "1"]
[SourceVersionDate "2013.04.22"]
[SourceQuality "1"]

1. e4 c5 2. Nc3 d6 3. Bc4 g6 4. d3 Bg7 5. Be3 Nc6 6. Qd2 a6 7. a4 Nd4 8. Bxd4 Bxd4 9. Nge2 Bg7 10. h3 Rb8 11. 0-0 Nf6 12. f4 Qc7 13. g4 e6 14. Ng3 h6 15. Rae1 0-0 16. Qg2 Bd7 17. Ba2 b5 18. axb5 axb5 19. Nce2 Qa5 20. Ra1 Qb6 21. Kh2 Kh7 22. Nh1 Ne8 23. c3 b4 24. Bc4 Nc7 25. f5 Be5+ 26. Nhg3 Bc6 27. fxg6+ fxg6 28. Rxf8 Rxf8 29. Rf1 Kg7 30. Rxf8 Kxf8 31. Qf2+ Kg7 32. d4 Bxg3+ 33. Nxg3 bxc3 34. bxc3 cxd4 35. cxd4 d5 36. exd5 Bxd5 37. Bxd5 Nxd5 38. Qd2 Nf6 39. Qe3 Qb2+ 40. Kg1 Qa1+ 41. Kh2 1/2-1/2

[Event "POL-ch U18 Girls"]
[Site "Szczyrk"]
[Date "2013.??.??"]
[Round "8"]
[White "Starczewska, Dominika"]
[Black "Skoczek, Karolina"]
[Result "1-0"]
[WhiteElo "1970"]
[BlackElo "1529"]
[PlyCount "83"]
[EventDate "2013.03.17"]
[EventType "swiss"]
[EventRounds "9"]
[EventCountry "POL"]
[SourceTitle "CBM 153 Extra"]
[Source "ChessBase"]
[SourceDate "2013.04.22"]
[SourceVersion "1"]
[SourceVersionDate "2013.04.22"]
[SourceQuality "1"]

1. e4 c6 2. Ne2 d5 3. e5 Bf5 4. Ng3 Qd7 5. d4 Bg6 6. h4 h6 7. h5 Bh7 8. Bd3 Bxd3 9. Qxd3 e6 10. Nd2 c5 11. c3 Nc6 12. a3 Be7 13. Nf3 cxd4 14. cxd4 Bd8 15. 0-0 Nge7 16. Be3 0-0 17. Nh2 Na5 18. Ng4 Nf5 19. Nxf5 exf5 20. Nxh6+ gxh6 21. Bxh6 f4 22. Bxf8 Kxf8 23. e6 Qxe6 24. Rfe1 Qg4 25. Re5 Nc6 26. Rxd5 Ne7 27. Re5 Bc7 28. Rb5 Bb6 29. Re1 Rd8 30. Qe4 Nc6 31. h6 Bxd4 32. Rd5 Rc8 33. h7 Bh8 34. Rf5 Qg6 35. Qxf4 Qxh7 36. Qd6+ Kg8 37. Qd7 Rd8 38. Re8+ Rxe8 39. Qxe8+ Kg7 40. Rxf7+ Kh6 41. Qe3+ Kg6 42. Qe6+ 1-0

[Event "Rewal op-A 17th"]
[Site "Rewal"]
[Date "2012.08.21"]
[Round "1"]
[White "Starczewska, Dominika"]
[Black "Budrewicz, Krzysztof"]
[Result "0-1"]
[WhiteElo "1971"]
[BlackElo "2211"]
[PlyCount "86"]
[EventDate "2012.08.20"]
[EventType "swiss"]
[EventRounds "9"]
[EventCountry "POL"]
[SourceTitle "CBM 150 Extra"]
[Source "ChessBase"]
[SourceDate "2012.10.19"]
[SourceVersion "1"]
[SourceVersionDate "2012.10.19"]
[SourceQuality "1"]

1. e4 g6 2. d4 Bg7 3. f4 d5 4. e5 Nh6 5. Nf3 0-0 6. Be3 f6 7. c4 fxe5 8. dxe5 c6 9. Nc3 e6 10. Qd2 Na6 11. Be2 Bd7 12. 0-0-0 Qa5 13. Kb1 Rad8 14. Qc2 Ng4 15. Qc1 Nxe3 16. Qxe3 b5 17. cxb5 cxb5 18. Bd3 Nb4 19. Nd4 Rc8 20. a3 Nxd3 21. Rxd3 Qb6 22. g3 a5 23. Ndxb5 Qxe3 24. Rxe3 g5 25. Rf1 gxf4 26. gxf4 Rc4 27. Nd6 Rcxf4 28. Rxf4 Rxf4 29. Nxd5 exd5 30. e6 Bc6 31. e7 Re4 32. Nxe4 dxe4 33. Ka2 Kf7 34. Rg3 a4 35. Rg4 Bf6 36. Kb1 Kxe7 37. Kc2 Bd5 38. h4 Ke6 39. Rf4 Ke5 40. Rf1 h6 41. h5 Bb3+ 42. Kd2 Bg5+ 43. Kc3 e3 0-1

[Event "POL-chT 2nd League"]
[Site "Mrzezyno"]
[Date "2011.09.08"]
[Round "6"]
[White "Filipek, Halina"]
[Black "Starczewska, Dominika"]
[Result "1-0"]
[WhiteElo "1729"]
[BlackElo "1910"]
[PlyCount "79"]
[EventDate "2011.09.03"]
[EventType "team-swiss"]
[EventRounds "9"]
[EventCountry "POL"]
[SourceTitle "EXT 2015"]
[Source "ChessBase"]
[SourceDate "2014.11.20"]
[SourceVersion "1"]
[SourceVersionDate "2014.11.20"]
[SourceQuality "1"]
[WhiteTeam "Grudziadz Rotmistrz II"]
[BlackTeam "Bogatynia UKS SP3"]
[WhiteTeamCountry "POL"]
[BlackTeamCountry "POL"]

1. d4 f5 2. Nf3 g6 3. Bf4 Nf6 4. e3 Bg7 5. h3 0-0 6. Be2 d6 7. 0-0 Qe8 8. c3 e6 9. Nbd2 Nbd7 10. Qb3 Kh8 11. Bh2 h6 12. Qc2 d5 13. Bxc7 g5 14. Ne5 Nxe5 15. Bxe5 Qf7 16. c4 Bd7 17. c5 Rg8 18. b4 Nh5 19. Qd1 Nf6 20. a4 g4 21. h4 Nh5 22. Bxg7+ Qxg7 23. g3 e5 24. dxe5 Qxe5 25. Kh2 Qc7 26. Nb3 Be6 27. Qd4+ Rg7 28. Nc1 Re8 29. Nd3 Kh7 30. Nf4 Nf6 31. Bd3 Kg8 32. Rfc1 Rc8 33. Rc2 Rf7 34. Rac1 Qd8 35. b5 Rcc7 36. c6 b6 37. Ra1 Kh7 38. a5 bxa5 39. Rxa5 Kg8 40. Rca2 1-0

[Event "Rewal op-B 16th"]
[Site "Rewal"]
[Date "2011.08.28"]
[Round "9"]
[White "Starczewska, Dominika"]
[Black "Wisniewski, Michal"]
[Result "1/2-1/2"]
[WhiteElo "1909"]
[BlackElo "1713"]
[PlyCount "31"]
[EventDate "2011.08.18"]
[EventType "swiss"]
[EventRounds "9"]
[EventCountry "POL"]
[SourceTitle "CBM 144 Extra"]
[Source "ChessBase"]
[SourceDate "2011.10.28"]
[SourceVersion "1"]
[SourceVersionDate "2011.10.28"]
[SourceQuality "1"]

1. e4 e6 2. d4 d5 3. exd5 exd5 4. Bd3 c5 5. dxc5 Bxc5 6. Nf3 Nf6 7. 0-0 0-0 8. Bg5 Be6 9. c3 Nc6 10. Nbd2 a6 11. Nb3 Bb6 12. Qc2 h6 13. Bh4 Rc8 14. Qd2 Bg4 15. Nfd4 Ne5 16. Bf5 1/2-1/2